000 00413cam a2200145 4500500
005 20251012032441.0
041 _afre
042 _adc
100 1 0 _aMotoret, Laurence
_eauthor
245 0 0 _aPages de fin
260 _c1999.
500 _a60
786 0 _nSigila | 3 | 2 | 1999-12-20 | p. 167-177 | 1286-1715
856 4 1 _uhttps://shs.cairn.info/revue-sigila-1999-1-page-167?lang=fr&redirect-ssocas=7080
999 _c1547295
_d1547295